000 01113cam a22003131 4500
001 l 42000240
003 DLC
005 20260227111538.0
008 950105s1942 dcu b f000 0 eng
010 _al 42000240
035 _a(OCoLC)31823466
040 _aDLC
_cPPT
_dDLC
043 _an-us---
050 0 0 _aHD6093
_b.A35 no. 196
082 _a331.4 s
_a331.42
100 1 _aPidgeon, Mary Elizabeth
245 1 0 _a"Equal pay" for women in war industries /
_cby[Mary Elizabeth Pidgeon]
260 _aWashington,
_bU.S. Govt. Print. Off.,
_c1942.
300 _aii, 26 p.
_c23 cm.
490 1 _aBulletin of the Women's Bureau,
_vno. 196
500 _aAt head of title: United States Dept. of Labor, Women's Bureau.
500 _a"By Mary Elizabeth Pidgeon."--Letter of transmittal.
504 _aIncludes bibliographical references (p.26).
650 0 _aWomen
_xEmployment
_zUnited States.
650 0 _aWorld War, 1939-1945
_xWomen
_zUnited States.
650 0 _aWages
_zUnited States.
710 1 _aUnited States.
_bWomen's Bureau.
830 0 _aBulletin (United States. Women's Bureau) ;
_vno. 196.
999 _c36414
_d36414